| 000 | | | 04075cbc2a2200000#x 450 |
| 001 | | | 4d0e29b7-97f7-481b-a4de-ff4cd4fe6de2 |
| 005 | | | 20200917141444.0 |
| 100 | ## | $a | 20151203l18311831k l0rusy0189 ca |
| 101 | 0# | $a | rus |
| 102 | ## | $a | RU |
| 200 | 1# | $a | Дело об ослушании крестьян села Пичкас с деревнями против распоряжения о холере |
| | $j | 26 октября - 4 ноября 1831 г. |
| 251 | ## | $c | Дело |
| 300 | ## | $a | Рукописный текст |
| 801 | #0 | $a | RU |
| | $b | РГИА |
| | $c | 20151203 |
| 801 | #1 | $a | RU |
| | $b | ГлавНИВЦ |
| | $c | 20151203 |
| | $2 | rusmarc |
| 801 | #2 | $a | RU |
| | $b | ПБ им. Б.Н. Ельцина |
| | $c | 20160621 |
| | $2 | rusmarc |
| 850 | ## | $a | Федеральное казенное учреждение "Российский государственный исторический архив" (РГИА) |
| 852 | ## | $a | РГИА |
| | $j | 435 |
| 937 | ## | $h | РГИА |
| | $d | 12173531 |
| | $a | ASBIBLIO_SCAN |
| 462 | #0 | $1 | 001f26ab05c-f459-4b30-81e3-da85d126d87d |
| | $1 | 2001 |
| | $a | 1830-1834 гг. Дела Департамента полиции исполнительной МВД за 1831 г. |
| | $v | Д. 435 |
| | $1 | 251 |
| | $c | Опись |
| | $1 | 852 |
| | $j | 5 |
| 215 | ## | $a | 33 листа |
| | $d | 36,5х26 см |
| 105 | ## | $a | y### |
| 122 | 2# | $a | d18311026## |
| | $a | d18311104## |
| 461 | #0 | $1 | 0013e300ed0-cd39-49af-8489-5ba5b90fa401 |
| | $1 | 2001 |
| | $a | Департамент полиции исполнительной МВД |
| | $1 | 251 |
| | $c | Фонд |
| | $1 | 852 |
| | $j | 1286 |
| 035 | ## | $a | 4d0e29b7-97f7-481b-a4de-ff4cd4fe6de2 |
| 605 | ## | $2 | acquisition_Prlib |
| | $3 | LIBNET\UAF\0000089563 |
| | $a | Предупреждение и борьба с эпидемиями в России |
| | $l | коллекция |
| 606 | 1# | $2 | prlib_sh |
| | $3 | LIBNET\UAF\0000084139 |
| | $a | Холера |
| | $j | Документы и материалы |
| | $x | Эпидемии |
| | $y | Казанская губерния |
| 686 | ## | $a | 63.3(28-8Каз)52ю1 |
| | $2 | rubbk |
| | $v | LBC/M |